LEADER 00952nam0-22003131i-450- 001 990004231690403321 005 20060109131845.0 010 $a88-16-60141-8 035 $a000423169 035 $aFED01000423169 035 $a(Aleph)000423169FED01 035 $a000423169 100 $a19990604d1998----km-y0itay50------ba 101 0 $aita 105 $aa-------001yy 200 1 $aSantiago$el'Europa del pellegrinaggio$ftesti di Paolo Caucci von saucken, René De la Coste-messelière ... [et al.]$ga cura di Paolo Caucci von Saucken 205 $a2. ed. 210 $aMilano$cJaca Book$d1998 215 $a388 p.$cill.$d34 cm 676 $a709.46$v21$zita 702 1$aCaucci vonSaucken,$bPaolo 702 1$aLa Coste-Messelière,$bRené : de 801 0$aIT$bUNINA$gRICA$2UNIMARC 901 $aBK 912 $a990004231690403321 952 $a709.46 CAU 1$bBibl.31631$fFLFBC 959 $aFLFBC 996 $aSantiago$9288871 997 $aUNINA